000 00300nam a22001337a 4500
008 190223b xxu||||| |||| 00| 0 eng d
020 _a9780135114735
041 _aeng
080 _28th
_a610.73
100 _a1
101 _aINF
245 _aClinical Nursing Skills
_cSmith, S.F
942 _2udc
_cBK
999 _c54144
_d54144